|
|
|
|
| LEADER |
00000nam0a2200000 4500 |
| 001 |
179131 |
| 005 |
20231101223444.0 |
| 010 |
|
|
|a 9785498074900
|
| 035 |
|
|
|a (RuTPU)RU\TPU\book\194193
|
| 090 |
|
|
|a 179131
|
| 100 |
|
|
|a 20100415d2010 km y0rusy50 ca
|
| 101 |
0 |
|
|a rus
|
| 102 |
|
|
|a RU
|
| 105 |
|
|
|a y z 001zy
|
| 200 |
1 |
|
|a Психология веры
|f Р. М. Грановская
|
| 205 |
|
|
|a 2-е изд., перераб.
|
| 210 |
|
|
|a СПб.
|c Питер
|d 2010
|
| 215 |
|
|
|a 480 с.
|
| 225 |
1 |
|
|a Мастера психологии
|
| 320 |
|
|
|a Библиогр.: с. 473-480.
|
| 330 |
|
|
|a В книге известного российского психолога профессора Рады Грановской вера рассматривается как опора человеческих стремлений и потребностей. Показано воздействие мировых религий на формирование человеческой психологии, вскрыты глубинные связи между силой веры и развитием человека. Анализируется влияние веры на мировоззрение, психическое здоровье и этику современного человека. Использованы обширные материалы, накопленные мировыми религиями, исторические и религиозные, посвященные основоположникам и канонам различных верований, международный и отечественный опыт в области общей психологии. Второе издание монографии (предыдущее вышло в 2004 г.) переработано. Для психологов, педагогов, философов и студентов профильных факультетов высших учебных заведений.
|
| 606 |
1 |
|
|a Личность
|x Как социально-психологическое явление
|2 stltpush
|3 (RuTPU)RU\TPU\subj\40536
|9 60382
|
| 606 |
1 |
|
|a Религия
|x Психология
|2 stltpush
|3 (RuTPU)RU\TPU\subj\24952
|9 49216
|
| 610 |
1 |
|
|a социальная философия
|
| 610 |
1 |
|
|a вера
|
| 610 |
1 |
|
|a религии мира
|
| 610 |
1 |
|
|a религиозная идеология
|
| 610 |
1 |
|
|a боги
|
| 610 |
1 |
|
|a мироздание
|
| 610 |
1 |
|
|a мораль
|
| 610 |
1 |
|
|a религиозные обряды
|
| 610 |
1 |
|
|a религиозные традиции
|
| 610 |
1 |
|
|a религиозные ритуалы
|
| 610 |
1 |
|
|a индуизм
|
| 610 |
1 |
|
|a зороастризм
|
| 610 |
1 |
|
|a буддизм
|
| 610 |
1 |
|
|a конфуцианство
|
| 610 |
1 |
|
|a иудаизм
|
| 610 |
1 |
|
|a христианство
|
| 610 |
1 |
|
|a ислам
|
| 610 |
1 |
|
|a психика
|
| 610 |
1 |
|
|a культы
|
| 610 |
1 |
|
|a смысл жизни
|
| 610 |
1 |
|
|a тоталитарные секты
|
| 686 |
|
|
|a Ю952
|v LBC/SL-A
|2 rubbk
|
| 686 |
|
|
|a Э210.2
|v LBC/SL-A
|2 rubbk
|
| 700 |
|
1 |
|a Грановская
|b Р. М.
|g Рада Михайловна
|
| 801 |
|
1 |
|a RU
|b 63413507
|c 20100415
|
| 801 |
|
2 |
|a RU
|b 63413507
|c 20120903
|g RCR
|
| 942 |
|
|
|c BK
|
| 959 |
|
|
|a 9/20100301
|d 1
|e 290,00
|f ЧЗГЛ:1
|